[Event "Int. Stuttgarter Stadtmeisterschaft B"]
[Site "Ditzingen"]
[Date "2012.05.20"]
[Round "7.54"]
[White "Winkler, Tim"]
[Black "Recker, Martin"]
[Result "1/2-1/2"]
[WhiteElo "1830"]
[BlackElo "1864"]
[PlyCount "21"]
[EventDate "2012.??.??"]

1. e4 d5 2. exd5 Nf6 3. d4 Nxd5 4. c3 g6 5. Bd3 Bg7 6. Nf3 Nc6 7. O-O Bg4 8.
Re1 Qd7 9. Nbd2 O-O-O 10. Ne4 e5 11. dxe5 1/2-1/2